| Tag |
First Indicator |
Second Indicator |
Subfields |
| LEADER |
00000cam a22000008a 4500 |
| 001 |
in00002170021 |
| 005 |
20151104060641.0 |
| 008 |
050830s2006 gw a b 001 0 eng |
| 010 |
|
|
|z 2005930447
|
| 020 |
|
|
|a 3540258167 (cloth : acid-free paper)
|
| 024 |
3 |
|
|a 97835402581672
|
| 035 |
|
|
|a (OCoLC)61703237
|
| 040 |
|
|
|a UKM
|c UKM
|d BAKER
|d OHX
|d GZM
|d OrLoB-B
|d TXA
|d UtOrBLW
|
| 049 |
|
|
|a TXAM
|
| 050 |
|
4 |
|a QB754.8
|b .M38 2006
|
| 100 |
1 |
|
|a Maurette, Michel.
|
| 245 |
1 |
0 |
|a Micrometeorites and the mysteries of our origins /
|c Michel Maurette.
|
| 264 |
|
1 |
|a Berlin ;
|a New York :
|b Springer,
|c [2006]
|
| 264 |
|
4 |
|c ©2006
|
| 300 |
|
|
|a xvi, 330 pages :
|b illustrations (some color) ;
|c 24 cm.
|
| 336 |
|
|
|a text
|b txt
|2 rdacontent
|
| 337 |
|
|
|a unmediated
|b n
|2 rdamedia
|
| 338 |
|
|
|a volume
|b nc
|2 rdacarrier
|
| 490 |
1 |
|
|a Advances in astrobiology and biogeophysics
|
| 504 |
|
|
|a Includes bibliographical references (pages [298]-325) and index.
|
| 505 |
0 |
|
|a Staging the cosmic theater. Solar system bodies and "primitiveness" -- Power of Wetherill's friend, Jupiter -- Earth-moon system in a gigantic cosmic "firing" range -- Mmicroscopic suspect for the formation of the Earth's atmosphere -- "Primitive" extraterrestrial matter on the Earth. Space collector "Earth" -- Classification of meteorites and micrometeorites -- Major contribution of micrometeorites to the delivery of hydrous-carbonaceous material to the Earth -- Formation of the post-lunar Earth's atmosphere. Inadequacy of previous scenarios -- Prime suspect for the formation of the atmosphere -- Formation of the post-lunar atmosphere -- Mysterious fate of early micrometeoritic oxygen -- Exobiology with unmelted micrometeorites. Birth of life on the early Earth -- Microscopic chondritic chemical reactors -- Radiation reprocessing of organics by energetic ions in space --
|
| 505 |
0 |
|
|a Micrometeorite ashes in exobiology and early climatology. First hints -- Micrometeorite and minimeteorite ashes in prebiotic chemistry -- Micrometeorites in the post-lunar greenhouse effect -- Micrometeorites in comparative planetology. Micrometeoritic iridium in the Earth's mantle with the Hartmann's conjuncture -- Micrometeoritic neon on the Earth -- Micrometeoritic purity of the atmosphere and early Earth's processes -- Extrapolation of EMMA to the moon and Mars -- Parent bodies of micrometeorites and early solar system processes. "Hunt" for micrometeorites' parent bodies -- No consensus about the early history of the lunar impact flux -- Micrometeorites and early solar system processes -- Challenges ahead. Relationships with CM-type chondrites -- Enigmatic differences between stratospheric and Antarctic micrometeorites -- World of hidden biases: from collection to sample processing -- Stardust attacks in Bob Laboratory for Space Sciences -- Challenges still to be appropriately addressed -- Birth of "micrometeoritics."
|
| 650 |
|
0 |
|a Meteorites.
|
| 650 |
|
0 |
|a Atmosphere.
|
| 650 |
|
0 |
|a Exobiology.
|
| 830 |
|
0 |
|a Advances in astrobiology and biogeophysics.
|
| 948 |
|
|
|a cataloged
|b h
|c 2006/7/11
|d c
|e jgreene
|f 4:27:15 pm
|
| 999 |
|
|
|a MARS
|
| 999 |
f |
f |
|s fb855444-7935-33a3-83ce-e0d227e12af1
|i 13e43280-6487-31a1-b62e-c638c8b5342c
|t 0
|
| 952 |
f |
f |
|p normal
|a Texas A&M University
|b College Station
|c Sterling C. Evans Library
|d Evans: Library Stacks
|t 0
|e QB754.8 .M38 2006
|h Library of Congress classification
|i unmediated -- volume
|m A14834129980
|
| 998 |
f |
f |
|a QB754.8 .M38 2006
|t 0
|l Evans: Library Stacks
|